00520nam a2200169Ia 4500008004100000040001900041041001200060082002200072100002400094245009600118260004400214300001700258504001900275650001300294700002500307850001800332131103s9999 xx 000 0 und d aLoreto College aEnglish a291.13/RAPbLCLIB aRappoport, Angelo.S aMyth and legend of anciennt IsraelcAngelo.S.Rappoport; with illustrations by J.H.Amshewifz aLondonbThe Gresam publishing co.c1928 aV.3 c 22cm. aIncludes index aReligion aAmshewifz, J.H; ill. aLCLIB/297/RAH